000
00311nam a2200121Ia 4500
008
190216s9999||||xx |||||||||||||| ||und||
100
_a
Krishna Pillai E V
245
0
_a
Sita Lakshmi
260
_b
"Sree Ram Vilas Press & Book Depot,Quilon"
_c
1978
300
_a
147p
650
_a
Malayalam Nadakam
942
_c
BK
999
_c
25786
_d
25786